[Event "POL-chT 2nd League-4 2020"]
[Site "Poronin"]
[Date "2020.09.13"]
[Round "9.14"]
[White "Ciasnocha, Michal"]
[Black "Szmyd, Arkadiusz"]
[Result "1/2-1/2"]
[WhiteElo "1826"]
[BlackElo "2104"]
[Annotator "TA"]
[PlyCount "51"]
[EventDate "2020.09.05"]
[EventType "team-tourn"]
[EventCountry "POL"]
[SourceTitle "playchess.com"]
[Source "ChessBase"]
[SourceQuality "1"]

{[%evp 15,51,35,33,43,65,74,85,47,51,49,48,49,53,34,25,37,35,27,29,28,28,25,41,10,5,0,0,0,0,0,3,-11,-17,-15,0,-23,-32,-34]} 1. d4 Nf6 2. Nf3 e6 3. c4 Bb4+ 4. Nbd2 O-O 5. g3 d5 6. Bg2 c6 7. O-O Nbd7 8. a3 Bd6 {[#]} 9. Re1 $146 {E01: Catalan: Early deviations.} ({Predecessor:} 9. Qc2 Qe7 10. e4 dxe4 11. Nxe4 Nxe4 12. Qxe4 e5 13. dxe5 Nxe5 14. Nxe5 Qxe5 15. Qc2 Bf5 16. Qb3 Qe7 17. Bd2 Qc7 18. Bb4 {½-½ (18) Riegler,D (1999)-Arndt,S (2164) Bad Woerishofen 2018}) 9... e5 10. cxd5 cxd5 11. dxe5 {White is better.} Nxe5 12. Nxe5 Bxe5 13. Nf3 Bc7 14. Nd4 Bb6 15. b4 Ne4 {Black wants to play ...Nxf2!} 16. Bb2 Qf6 17. Rf1 Bd7 18. e3 Rac8 19. Rc1 a6 20. Ba1 Rxc1 21. Qxc1 Rc8 22. Qd1 Bxd4 23. Qxd4 Qxd4 24. Bxd4 Nd2 25. Rd1 Bg4 26. Ra1 {Accuracy: White = 84%, Black = 100%.} (26. Rxd2 {leads to mate.} Rc1+ 27. Rd1 Rxd1+ 28. Bf1 Bh3 29. Kh1 Rxf1#) 1/2-1/2

[Event "POL-chT 2nd League-4 2020"]
[Site "Poronin"]
[Date "2020.09.13"]
[Round "9.15"]
[White "Zawierucha, Aleksander"]
[Black "Ziemniak, Piotr"]
[Result "1-0"]
[WhiteElo "1899"]
[BlackElo "1741"]
[Annotator "NA"]
[PlyCount "53"]
[EventDate "2020.09.05"]
[EventType "team-tourn"]
[EventCountry "POL"]
[SourceTitle "playchess.com"]
[Source "ChessBase"]
[SourceQuality "1"]
[TimeControl "40/5400+30:900+30"]

1. d4 d6 2. Nf3 Nf6 3. c4 g6 4. Nc3 Bg7 5. e4 Nbd7 6. Be2 O-O 7. O-O e5 8. Be3 c6 9. Qd2 Re8 {E94: King's Indian: Classical: 6 Be2 e5 7 0-0: Various Black 7th moves.} 10. Rfe1 Qc7 {[#]} 11. Rad1 $146 ({Predecessor:} 11. d5 Nf8 12. Rac1 Ng4 13. Bd3 Nxe3 14. fxe3 Bg4 15. Qf2 Nd7 16. b4 Nf8 17. h3 {½-½ (34) Schroeder,L (1339)-Nguyen,P (1195) Willingen 2015}) 11... Nf8 12. h3 Bd7 13. dxe5 dxe5 {[#]} 14. Bc5 $1 Rad8 15. Qe3 b6 16. Bd6 Qc8 17. Nxe5 Be6 18. f4 N6d7 19. Nxd7 Bxd7 20. e5 $18 f6 21. Bf3 Ne6 22. Ne4 f5 23. Nf6+ Bxf6 24. exf6 Ng5 25. Be7 Nxf3+ 26. Qxf3 Kf7 27. Qd3 1-0

[Event "POL-chT 2nd League-4 2020"]
[Site "Poronin"]
[Date "2020.09.13"]
[Round "9.16"]
[White "Babiarz, Arkadiusz"]
[Black "Boruta, Dawid"]
[Result "1-0"]
[WhiteElo "1872"]
[BlackElo "1822"]
[Annotator "NA"]
[PlyCount "109"]
[EventDate "2020.09.05"]
[EventType "team-tourn"]
[EventCountry "POL"]
[SourceTitle "playchess.com"]
[Source "ChessBase"]
[SourceQuality "1"]
[TimeControl "40/5400+30:900+30"]

1. e4 {[%emt 0:00:00]} c6 {[%emt 0:00:00]} 2. c4 {[%emt 0:00:00]} d5 {[%emt 0:00:14]} 3. exd5 {[%emt 0:00:00]} cxd5 {[%emt 0:00:11]} 4. cxd5 {[%emt 0:00:00]} Nf6 {[%emt 0:00:45]} 5. Qa4+ {[%emt 0:00:09]} Nbd7 {[%emt 0:00:39]} 6. Nc3 {[%emt 0:00:15]} g6 {[%emt 0:03:47]} 7. Be2 {[%emt 0:00:13] 7.Bc4 is setting a new trend. B10: Caro-Kann: 2 d3 and 2 c4.} Bg7 {[%emt 0:01:10]} 8. d4 {[%emt 0:00:13]} O-O {[%emt 0:01:21]} 9. Bf3 {[%emt 0:00:16]} Nb6 {[%emt 0:17:28] Double Attack} 10. Qb3 {[%emt 0:00:28]} e6 {[%emt 0:06:49]} 11. dxe6 {[%emt 0:00:08]} Bxe6 {[%emt 0:00:07]} 12. Qd1 {[%emt 0:00:05] [#]} Qd7 $146 {[%emt 0:08:41]} ({Predecessor:} 12... Re8 13. Nge2 Qd7 14. O-O Nfd5 15. Ne4 Bf5 16. Nc5 Qe7 17. b3 Rac8 18. Ba3 Qc7 {1-0 (35) Babiarz,A (1831)-Lechman,G (1395) Szczyrk 2017}) 13. Nge2 {[%emt 0:01:47]} Bg4 {[%emt 0:05:16]} 14. Bxg4 {[%emt 0:01:14]} Qxg4 {[%emt 0:03:36]} 15. O-O {[%emt 0:01:16]} Nfd5 {[%emt 0:02:18]} 16. Nf4 {[%emt 0:01:35]} Qd7 {[%emt 0:01:41]} 17. Nfxd5 {[%emt 0:00:55]} Nxd5 {[%emt 0:00:04]} 18. Qf3 {[%emt 0:00:59]} Rfd8 {[%emt 0:07:05]} 19. Bg5 {[%emt 0:01:18]} f6 {[%emt 0:02:41]} 20. Bh4 {[%emt 0:04:15]} Nxc3 {[%emt 0:08:08]} 21. bxc3 {[%emt 0:00:16]} Qd5 {[%emt 0:02:29]} 22. Qxd5+ {[%emt 0:02:42]} Rxd5 {[%emt 0:00:03]} 23. Rfe1 {[%emt 0:02:28]} Kf7 {[%emt 0:00:27]} 24. Rab1 {[%emt 0:09:00]} b6 {[%emt 0:00:48]} 25. Bg3 {[%emt 0:01:24]} Rc8 $14 {[%emt 0:02:16]} 26. Rb3 {[%emt 0:01:36]} Ra5 {[%emt 0:02:57]} 27. Re2 {[%emt 0:02:20]} Bf8 {[%emt 0:03:25]} 28. f3 {[%emt 0:02:01]} Rc4 {[%emt 0:01:23]} 29. Be1 {[%emt 0:03:00]} Rca4 {[%emt 0:01:17]} 30. Rbb2 {[%emt 0:00:13]} Rc4 {[%emt 0:01:02]} 31. Kf2 {[%emt 0:01:49]} Bd6 {[%emt 0:02:57]} 32. Ke3 {[%emt 0:02:30]} b5 {[%emt 0:04:46]} 33. Kd3 {[%emt 0:00:33]} a6 {[%emt 0:00:21]} 34. g3 {[%emt 0:08:20]} Ra3 {[%emt 0:02:03]} 35. Rb3 {[%emt 0:00:14]} Ra5 {[%emt 0:01:04]} 36. Bf2 {[%emt 0:01:01]} Rca4 {[%emt 0:01:46]} 37. Rbb2 {[%emt 0:00:05]} Ra3 {[%emt 0:01:33]} 38. Ke4 {[%emt 0:13:20]} Ke6 {[%emt 0:01:05]} 39. d5+ {[%emt 0:01:13]} Kd7 {[%emt 0:01:11]} 40. Bd4 {[%emt 0:00:00]} f5+ {[%emt 0:00:00]} 41. Kd3 {[%emt 0:00:02]} R5a4 {[%emt 0:08:14]} 42. g4 {[%emt 0:10:48]} f4 {[%emt 0:00:34]} 43. h4 {[%emt 0:00:31]} b4 {[%emt 0:06:59]} 44. h5 {[%emt 0:10:09]} Kc7 {[%emt 0:04:46]} 45. hxg6 {[%emt 0:02:10]} hxg6 {[%emt 0:00:01]} 46. Rh2 {[%emt 0:03:53]} bxc3 {[%emt 0:00:09]} 47. Rh7+ {[%emt 0:00:05]} Kc8 {[%emt 0:00:05]} 48. Re2 {[%emt 0:00:35]} c2+ {[%emt 0:01:05]} 49. Kxc2 {[%emt 0:00:09]} Rxa2+ {[%emt 0:01:35]} 50. Bb2 {[%emt 0:00:05]} Bc7 {[%emt 0:01:01]} 51. Kb1 {[%emt 0:01:33]} Rxb2+ {[%emt 0:00:33]} 52. Kxb2 {[%emt 0:00:19]} Kd8 {[%emt 0:00:30]} 53. Ree7 {[%emt 0:02:07]} Bb6 {[%emt 0:00:31]} 54. Rb7 {[%emt 0:00:32]} Bd4+ {[%emt 0:00:09]} 55. Kb3 {[%emt 0:00:09]} 1-0

[Event "POL-chT 2nd League-4 2020"]
[Site "Poronin"]
[Date "2020.09.13"]
[Round "9.17"]
[White "Gonsior, Monika"]
[Black "Ziemniak, Grzegorz"]
[Result "1-0"]
[WhiteElo "2001"]
[BlackElo "1693"]
[Annotator "NA RC"]
[PlyCount "50"]
[EventDate "2020.09.05"]
[EventType "team-tourn"]
[EventCountry "POL"]
[SourceTitle "playchess.com"]
[Source "ChessBase"]
[SourceQuality "1"]
[TimeControl "40/5400+30:900+30"]

1. e4 {[%emt 0:00:00]} d5 {[%emt 0:00:00]} 2. exd5 {[%emt 0:00:00]} Qxd5 {[%emt 0:00:00]} 3. Nc3 {[%emt 0:00:00]} Qa5 {[%emt 0:00:00]} 4. Nf3 {[%emt 0:00:10]} Nf6 {[%emt 0:00:00]} 5. d3 {[%emt 0:00:21]} Bg4 {[%emt 0:00:14]} 6. Be2 {[%emt 0:00:10]} e6 {[%emt 0:00:16]} 7. O-O {[%emt 0:00:20]} Bd6 {[%emt 0:00:26]} 8. Ng5 {[%emt 0:05:49]} Qe5 {[%emt 0:14:57]} 9. f4 {[%emt 0:02:25]} Bxe2 {[%emt 0:01:49]} 10. fxe5 {[%emt 0:11:38]} Bxd1 {[%emt 0:00:20]} 11. exd6 {[%emt 0:00:14]} Bxc2 {[%emt 0:06:18]} 12. dxc7 {[%emt 0:00:17]} Na6 {[%emt 0:02:03]} 13. Bf4 {[%emt 0:01:44]} Bxd3 {[%emt 0:07:22]} 14. Rfd1 {[%emt 0:00:58]} Bc4 {[%emt 0:01:06]} 15. Rd8+ {[%emt 0:00:58]} Rxd8 {[%emt 0:00:30]} 16. cxd8=Q+ $18 {[%emt 0:00:11]} Kxd8 {[%emt 0:00:03]} 17. Nxf7+ {[%emt 0:00:05]} Ke7 {[%emt 0:01:31]} 18. Nxh8 {[%emt 0:00:25]} Kf8 {[%emt 0:00:32]} 19. Rd1 {[%emt 0:00:12]} Bd5 {[%emt 0:06:11]} 20. Nxd5 {[%emt 0:00:19]} Nxd5 {[%emt 0:00:12]} 21. Bd6+ {[%emt 0:00:20]} Kg8 {[%emt 0:00:36]} 22. Rf1 {[%emt 0:00:25]} Nf6 {[%emt 0:00:20]} 23. Rc1 {[%emt 0:00:05]} Kxh8 {[%emt 0:02:28]} 24. Rc8+ {[%emt 0:00:05]} Ng8 {[%emt 0:00:07]} 25. b4 {[%emt 0:00:07]} Nb8 1-0

[Event "POL-chT 2nd League-4 2020"]
[Site "Poronin"]
[Date "2020.09.13"]
[Round "9.18"]
[White "Polak, Sylwia"]
[Black "Swiech, Joanna"]
[Result "1/2-1/2"]
[WhiteElo "1590"]
[BlackElo "1910"]
[Annotator "NA"]
[PlyCount "118"]
[EventDate "2020.09.05"]
[EventType "team-tourn"]
[EventCountry "POL"]
[SourceTitle "playchess.com"]
[Source "ChessBase"]
[SourceQuality "1"]
[TimeControl "40/5400+30:900+30"]

1. d4 {[%emt 0:00:00]} d5 {[%emt 0:00:00]} 2. c4 {[%emt 0:00:00]} e6 {[%emt 0:00:00]} 3. Nc3 {[%emt 0:00:00]} Be7 {[%emt 0:00:00]} 4. Nf3 {[%emt 0:00:11]} Nf6 {[%emt 0:00:01]} 5. e3 {[%emt 0:00:05]} O-O {[%emt 0:00:15]} 6. Bd3 {[%emt 0:00:25]} b6 {[%emt 0:00:17]} 7. cxd5 {[%emt 0:02:42]} exd5 {[%emt 0:00:09]} 8. O-O {[%emt 0:00:09]} Bb7 {[%emt 0:01:37]} 9. Qc2 {[%emt 0:00:17]} h6 {[%emt 0:00:43] E14: Queen's Indian: Classical Variation (4 e3).} 10. Ne5 {[%emt 0:05:19]} Nbd7 {[%emt 0:02:37]} 11. f4 {[%emt 0:01:02]} c5 {[%emt 0:01:59]} 12. Bd2 {[%emt 0:01:46]} a6 {[%emt 0:05:18] [#]} 13. Be1 $146 {[%emt 0:01:58]} ({Predecessor:} 13. Rac1 c4 14. Be2 b5 15. Bf3 Nb6 16. Kh1 Nfd7 17. Bg4 Nb8 18. Qd1 Nc6 19. Qf3 {½-½ (42) Valenau,E-Patsourakis,A Rimavska Sobota 1996}) 13... Rc8 {[%emt 0:01:43]} 14. Bh4 {[%emt 0:03:29]} Rc7 {[%emt 0:02:11]} 15. Bf5 {[%emt 0:05:46]} Nxe5 {[%emt 0:06:50]} (15... b5 $11) 16. dxe5 {[%emt 0:02:57]} Ne8 {[%emt 0:01:19]} 17. Bxe7 {[%emt 0:00:20]} Rxe7 {[%emt 0:02:14]} 18. Rad1 {[%emt 0:01:01]} Nc7 {[%emt 0:14:55]} 19. Qd2 {[%emt 0:06:57]} Qa8 {[%emt 0:01:49]} 20. Bb1 {[%emt 0:06:59]} f5 {[%emt 0:09:26]} 21. a3 {[%emt 0:09:10]} Kh8 {[%emt 0:04:08]} 22. Ba2 {[%emt 0:05:53]} Rd7 {[%emt 0:01:46]} 23. e4 $14 {[%emt 0:01:47]} fxe4 {[%emt 0:07:45]} 24. Nxe4 {[%emt 0:00:37]} d4 {[%emt 0:01:18]} 25. Nd6 {[%emt 0:00:46]} Ne8 {[%emt 0:01:26]} 26. Nxb7 {[%emt 0:01:08]} Qxb7 {[%emt 0:05:16]} 27. Qd3 {[%emt 0:02:38]} Qc6 {[%emt 0:02:18]} 28. Bb1 {[%emt 0:02:38]} g6 {[%emt 0:00:32]} 29. Qxg6 {[%emt 0:01:26]} Qxg6 {[%emt 0:00:07]} 30. Bxg6 {[%emt 0:00:06]} Kg7 {[%emt 0:00:27]} 31. Be4 {[%emt 0:05:19]} Re7 {[%emt 0:03:56]} 32. g4 {[%emt 0:03:53]} Nc7 {[%emt 0:00:58]} 33. Rde1 {[%emt 0:02:52]} c4 {[%emt 0:02:00]} 34. Bc2 {[%emt 0:01:14]} d3 {[%emt 0:00:31]} 35. Bd1 {[%emt 0:00:05]} Rfe8 {[%emt 0:01:07]} 36. Re4 {[%emt 0:02:32]} b5 {[%emt 0:00:32]} 37. Rfe1 {[%emt 0:00:39]} Nd5 {[%emt 0:02:21]} 38. f5 {[%emt 0:02:07]} Kf8 {[%emt 0:00:56]} 39. h4 {[%emt 0:03:23]} d2 {[%emt 0:00:49]} 40. R1e2 {[%emt 0:00:00]} c3 {[%emt 0:00:00]} 41. bxc3 {[%emt 0:12:36]} Nxc3 {[%emt 0:00:39]} 42. e6 {[%emt 0:00:17]} Nxd1 {[%emt 0:13:52]} 43. Rxd2 {[%emt 0:01:06]} Nc3 {[%emt 0:00:06]} 44. Re3 {[%emt 0:01:15]} Na4 {[%emt 0:07:40]} 45. g5 {[%emt 0:01:52]} hxg5 {[%emt 0:00:55]} 46. hxg5 {[%emt 0:00:13]} Nc5 {[%emt 0:01:02]} 47. Rh2 {[%emt 0:06:36]} Rg7 {[%emt 0:01:57]} 48. Rg2 {[%emt 0:03:07]} Nxe6 {[%emt 0:03:44]} 49. fxe6 {[%emt 0:02:12]} Rg6 {[%emt 0:00:10]} 50. Rf2+ {[%emt 0:02:51]} Kg8 {[%emt 0:00:22]} 51. e7 {[%emt 0:02:01]} Rxg5+ {[%emt 0:00:14]} 52. Kf1 {[%emt 0:00:14]} Rg7 {[%emt 0:00:52]} 53. Rfe2 {[%emt 0:02:04]} Kf7 {[%emt 0:01:09]} 54. Ke1 {[%emt 0:00:53]} a5 {[%emt 0:00:46]} 55. Kd2 {[%emt 0:00:53]} b4 {[%emt 0:00:05]} 56. axb4 {[%emt 0:03:46]} axb4 {[%emt 0:00:05]} 57. Kc2 {[%emt 0:00:06]} Rc8+ {[%emt 0:00:45]} 58. Kb3 {[%emt 0:00:21]} Ke8 {[%emt 0:00:22]} 59. Rh2 {[%emt 0:01:10]} Rc3+ {[%emt 0:00:17]} 1/2-1/2

[Event "POL-chT 2nd League-4 2020"]
[Site "Poronin"]
[Date "2020.09.13"]
[Round "9.19"]
[White "Luba, Lukasz"]
[Black "Piekarski, Lukasz"]
[Result "1/2-1/2"]
[WhiteElo "2212"]
[BlackElo "1868"]
[Annotator "TA"]
[PlyCount "30"]
[EventDate "2020.09.05"]
[EventType "team-tourn"]
[EventCountry "POL"]
[SourceTitle "playchess.com"]
[Source "ChessBase"]
[SourceQuality "1"]

{[%evp 15,30,18,21,43,63,42,52,16,18,13,33,7,0,0,22,-2,3]} 1. d4 Nf6 2. Nf3 g6 3. Nc3 Bg7 4. e4 d6 5. h3 O-O 6. Be3 c6 7. Qd2 Qa5 8. Bd3 Nbd7 {[%cal Bb8d7,Bd7f8,Bf8e6][%mdl 32]} 9. O-O {B08: Pirc Defence: Classical System.} Re8 {Recently 9...Qc7 got a lot of attention.} 10. a3 e5 11. b4 {White is slightly better.} Qc7 12. dxe5 dxe5 {[#]} 13. Ne2 $146 ({Predecessor:} 13. Na4 b6 14. Nc3 Nf8 15. b5 Bd7 16. bxc6 Bxc6 17. Nb5 {½-½ (17) Novotny,M (2304)-Munk,P (2114) Pardubice 2018}) 13... Nf8 {The position is equal.} 14. Bh6 Bh8 15. Ng3 Ne6 1/2-1/2

[Event "POL-chT 2nd League-4 2020"]
[Site "Poronin"]
[Date "2020.09.13"]
[Round "9.21"]
[White "Machlowski, Slawomir"]
[Black "Pasionek, Ariel"]
[Result "1/2-1/2"]
[WhiteElo "2098"]
[BlackElo "1894"]
[Annotator "TA"]
[PlyCount "47"]
[EventDate "2020.09.05"]
[EventType "team-tourn"]
[EventCountry "POL"]
[SourceTitle "playchess.com"]
[Source "ChessBase"]
[SourceQuality "1"]

{[%evp 13,47,2,38,39,41,39,47,35,45,25,48,51,54,57,76,46,75,84,72,81,98,76,82,62,67,57,69,47,139,52,48,45,56,51,85,46]} 1. g3 Nf6 2. Bg2 g6 3. c4 Bg7 4. Nc3 O-O 5. Nf3 d6 6. O-O c6 7. d3 Bg4 8. h3 {A16: English Opening: 1...Nf6 with ...d5.} Bxf3 9. Bxf3 e5 10. Bg2 {White is slightly better.} Nbd7 11. Rb1 {[#]} Ne8 $146 ({Predecessor:} 11... a5 12. a3 Re8 13. b4 axb4 14. axb4 Nf8 15. b5 Qc7 16. Qb3 Rab8 17. Be3 Ne6 18. bxc6 bxc6 {1-0 (27) Bolt,G (2094)-De Vega Fernandez,F (1784) Caleta 2018}) 12. b4 a6 13. a4 Nef6 14. b5 axb5 15. axb5 Qc7 16. Be3 Ra3 17. bxc6 bxc6 18. Rb3 Rfa8 19. Rxa3 Rxa3 20. Qc1 Qa5 {[#]} ({Better is} 20... Ra5 $14) 21. Bd2 (21. Nb1 $1 $16 Ra1 22. Bxc6) 21... Qa6 $1 $14 22. Qb1 Bf8 23. Qb2 Nc5 24. Be3 {Accuracy: White = 73%, Black = 72%.} 1/2-1/2

[Event "POL-chT 2nd League-4 2020"]
[Site "Poronin"]
[Date "2020.09.13"]
[Round "9.22"]
[White "Wojciechowski, Beniamin"]
[Black "Majocha, Piotr"]
[Result "1/2-1/2"]
[WhiteElo "1814"]
[BlackElo "2047"]
[Annotator "TA"]
[PlyCount "32"]
[EventDate "2020.09.05"]
[EventType "team-tourn"]
[EventCountry "POL"]
[SourceTitle "playchess.com"]
[Source "ChessBase"]
[SourceQuality "1"]

{[%evp 19,32,-25,-21,-27,2,-10,43,31,30,29,28,27,29,40,69]} 1. e4 e6 2. d4 d5 3. exd5 exd5 4. c4 Nf6 5. Nc3 Be7 6. Nf3 O-O 7. cxd5 Nxd5 8. Be2 Nc6 9. O-O Bf5 10. a3 Bf6 11. Qb3 {C01: French: Exchange Variation.} Nb6 {[#]} 12. Be3 $146 ({Predecessor:} 12. Rd1 a6 13. Be3 Na5 14. Qa2 Bc2 15. Rd2 Bb3 16. Qb1 Be7 17. Bd3 h6 18. Re2 Nbc4 {½-½ (40) Aguirre Contreras,C (2222)-Borgeaud Fuentes,O (1897) Antofagasta 2015}) 12... Nxd4 (12... Ne7 $11) 13. Nxd4 $14 Bxd4 14. Rfd1 c5 15. Nb5 {[%cal Rb5d4]} Be6 16. Qc2 {[%cal Rb5d4]} Qe7 {White took control after the opening.} 1/2-1/2

[Event "POL-chT 2nd League-4 2020"]
[Site "Poronin"]
[Date "2020.09.13"]
[Round "9.23"]
[White "Szydelko, Michal"]
[Black "Palacki, Rafal"]
[Result "1/2-1/2"]
[WhiteElo "1877"]
[BlackElo "1806"]
[Annotator "NA"]
[PlyCount "30"]
[EventDate "2020.09.05"]
[EventType "team-tourn"]
[EventCountry "POL"]
[SourceTitle "playchess.com"]
[Source "ChessBase"]
[SourceQuality "1"]
[TimeControl "40/5400+30:900+30"]

1. e4 {[%emt 0:00:00]} c6 {[%emt 0:00:00]} 2. d4 {[%emt 0:00:00]} d5 {[%emt 0:00:00]} 3. exd5 {[%emt 0:00:40]} cxd5 {[%emt 0:00:00]} 4. Bd3 {[%emt 0:00:34]} Nc6 {[%emt 0:00:09]} 5. c3 {[%emt 0:00:31]} g6 {[%emt 0:00:08]} 6. Nf3 {[%emt 0:01:31]} Bg4 {[%emt 0:00:18]} 7. h3 {[%emt 0:01:20]} Bxf3 {[%emt 0:00:05]} 8. Qxf3 {[%emt 0:00:05]} Bg7 {[%emt 0:00:13]} 9. Bf4 {[%emt 0:03:17]} Nf6 {[%emt 0:00:42]} 10. O-O {[%emt 0:01:04]} O-O {[%emt 0:00:17]} 11. Nd2 {[%emt 0:02:51]} Re8 {[%emt 0:01:08]} 12. Rfe1 {[%emt 0:08:02]} Qb6 {[%emt 0:01:52]} 13. Nb3 {[%emt 0:03:50]} a5 {[%emt 0:01:02]} 14. Rab1 {[%emt 0:00:51]} a4 {[%emt 0:03:56]} 15. Nd2 {[%emt 0:11:58]} Rac8 $14 {[%emt 0:01:47]} 1/2-1/2

[Event "POL-chT 2nd League-4 2020"]
[Site "Poronin"]
[Date "2020.09.13"]
[Round "9.24"]
[White "Krzysztynska, Anna"]
[Black "Trusz, Julia"]
[Result "1/2-1/2"]
[WhiteElo "1867"]
[BlackElo "1675"]
[Annotator "NA"]
[PlyCount "43"]
[EventDate "2020.09.05"]
[EventType "team-tourn"]
[EventCountry "POL"]
[SourceTitle "playchess.com"]
[Source "ChessBase"]
[SourceQuality "1"]
[TimeControl "40/5400+30:900+30"]

1. e4 c5 2. Nc3 e6 3. g3 d5 4. exd5 exd5 $11 5. Bg2 Nf6 6. Nf3 d4 7. Ne2 Bd6 8. d3 Nc6 9. O-O O-O 10. Bf4 Bf5 11. Qd2 Re8 12. Rfe1 Bg6 13. a3 h6 14. h3 Qc7 15. Bxd6 Qxd6 16. Nf4 Bh7 17. Rxe8+ Rxe8 18. Re1 Qd7 19. Kh2 Re7 20. Rxe7 Qxe7 21. Qe1 Kf8 22. Qd1 1/2-1/2